| 000 | 01293nam a2200253Ia 4500 | ||
|---|---|---|---|
| 999 |
_c37484 _d37484 |
||
| 001 | 3446 | ||
| 003 | GE_BSU | ||
| 005 | 20190618145043.0 | ||
| 008 | 181216s2008||||ge |||||||||||||| ||geo|| | ||
| 020 | _a99928445212 | ||
| 040 | _cGE_BSU | ||
| 041 | _ageo | ||
| 080 | _a634.5 ნ–69 | ||
| 100 |
_aნიჟარაძე, მანუჩარ _92541 |
||
| 245 |
_aკაკლის აგრობიოლოგიური ნიშანთვისებებისა და გამრავლების საკითხები აჭარის სუბტროპიკული ზონის პირობებში / _cრედ. რეზო ჯაბნიძე. ზურაბ ბაკურიძე. |
||
| 264 |
_aბათუმი, _c2009. |
||
| 300 |
_a94 გვ.; _b20 სმ. |
||
| 653 | _aაგრობიოლოგია | ||
| 653 | _aკაკლის აგრობიოლოგიური ნიშანთვისებები | ||
| 653 | _aკაკლის გამრავლების საკითხები | ||
| 700 |
_aჯაბნიძე, რეზო _eრედაქტორი _92484 |
||
| 700 |
_aბაკურიძე, ზურაბ _eრედაქტორი _92542 |
||
| 942 |
_cBK _2udc |
||